[Event "32. Staufer-Open A-Turnier"]
[Site "Schwäbisch Gmünd"]
[Date "2020.01.04"]
[Round "6.10"]
[White "Richter, Nils"]
[Black "Orlov, Andrey"]
[Result "1/2-1/2"]
[WhiteElo "2257"]
[BlackElo "2510"]
[PlyCount "81"]
[EventDate "2020.??.??"]
[WhiteTeam "TSV Schönaich"]
[BlackTeam "Düsseldorfer SK"]

1. e4 e5 2. Nf3 Nc6 3. Bb5 a6 4. Ba4 d6 5. c3 Bd7 6. d4 Nf6 7. O-O Be7 8. Re1
O-O 9. d5 Nb8 10. Bxd7 Nbxd7 11. c4 h6 12. Nc3 Nh7 13. Be3 Bg5 14. Nxg5 Nxg5
15. b4 Nf6 16. Bd2 Qd7 17. Qe2 b6 18. a3 Rfc8 19. h4 Ngh7 20. Rec1 c5 21. dxc6
Qxc6 22. Nd5 Nxd5 23. cxd5 Qb7 24. b5 axb5 25. Qxb5 Nf6 26. f3 Rxc1+ 27. Rxc1
Qe7 28. Qxb6 Nd7 29. Qe3 Qxh4 30. Rc6 Nf8 31. Rxd6 Ng6 32. Be1 Qe7 33. Bb4 Qh4
34. Rc6 Nf4 35. Rc2 Qg3 36. Kf1 Qh2 37. Qg1 Qh4 38. Qf2 Qh1+ 39. Qg1 Qh4 40.
Be1 Qe7 41. Bb4 1/2-1/2

[Event "32. Staufer-Open A-Turnier"]
[Site "Schwäbisch Gmünd"]
[Date "2020.01.04"]
[Round "6.11"]
[White "Suvorov, Alexander"]
[Black "Vogel, Roven"]
[Result "0-1"]
[WhiteElo "2267"]
[BlackElo "2465"]
[PlyCount "94"]
[EventDate "2020.??.??"]
[WhiteTeam "SG Porz"]
[BlackTeam "USV TU Dresden"]

{[%evp 0,68,14,18,25,17,17,-2,8,-11,43,20,36,36,50,50,58,58,42,46,47,22,65,65,
72,65,65,55,39,37,37,37,49,9,45,37,70,63,62,62,62,56,64,46,46,-11,4,-19,-6,-11,
-13,-25,0,0,0,-10,-5,0,0,0,43,0,44,44,44,44,98,77,105,91,283]} 1. d4 g6 2. c4
Bg7 3. Nf3 Nf6 4. Nc3 O-O 5. e4 d6 6. Be2 Nbd7 7. O-O e5 8. Be3 c6 9. d5 c5 10.
Ne1 Ne8 11. g4 Nb6 12. a4 Bd7 13. Ng2 f5 14. exf5 gxf5 15. gxf5 Bxf5 16. a5 Nd7
17. Bg4 Qf6 18. Bxf5 Qxf5 19. Qb1 Qh5 20. Ne4 Ndf6 21. Ng3 Qh3 22. f3 Rc8 23.
Rf2 Nh5 24. Nxh5 Qxh5 25. Qe4 Rc7 26. Qh4 Qg6 27. Raf1 Rcf7 28. Qg4 Qd3 29. Kh1
e4 30. Qxe4 Qxe4 31. fxe4 Rxf2 32. Bxf2 Bxb2 33. Kg1 Bc3 34. Rb1 Nf6 35. Be3
Rf7 36. e5 Bxe5 37. Bf4 Ng4 38. h3 Bxf4 39. hxg4 Bd2 40. Ra1 a6 41. Ra2 Bc3 42.
Kh2 Rf3 43. Nh4 Be5+ 44. Kg1 Rf4 45. Nf5 Rxc4 46. Re2 Rxg4+ 47. Kh1 Rf4 0-1

[Event "32. Staufer-Open A-Turnier"]
[Site "Schwäbisch Gmünd"]
[Date "2020.01.04"]
[Round "6.12"]
[White "Beukema, Jasper"]
[Black "Perske, Thore"]
[Result "0-1"]
[WhiteElo "2256"]
[BlackElo "2440"]
[PlyCount "106"]
[EventDate "2020.??.??"]
[BlackTeam "SF 1903 Berlin"]

1. d4 d5 2. Bf4 c5 3. e3 cxd4 4. exd4 Nc6 5. c3 Nf6 6. Bd3 g6 7. Nf3 Bf5 8.
Bxf5 gxf5 9. Ne5 e6 10. Nd2 Bd6 11. Ndf3 Qc7 12. h3 h5 13. Qe2 Ne4 14. Qe3
O-O-O 15. Nd3 Bxf4 16. Nxf4 Kb8 17. O-O-O Nxf2 18. Qxf2 Qxf4+ 19. Qd2 Qxd2+ 20.
Rxd2 Rhg8 21. Rf1 Rg7 22. Ne1 Ne7 23. Nd3 Ng8 24. Nf4 Nf6 25. Rc2 Rg3 26. Re1
Rc8 27. Re5 Rc6 28. Rce2 Kc7 29. R5e3 Rg8 30. Rc2 Kd6 31. a4 b6 32. b3 h4 33.
Nd3 Ne4 34. Ne5 Rc7 35. Kb2 f6 36. Nf3 f4 37. Re1 Rgc8 38. c4 Ng3 39. Nxh4 dxc4
40. Ng6 c3+ 41. Kc1 Nf5 42. Re4 e5 43. dxe5+ fxe5 44. Rf2 Rc5 45. Rf3 Rd5 46.
Rc4 Rxc4 47. bxc4 Rd2 48. Rxc3 Rxg2 49. Rd3+ Ke6 50. Nf8+ Ke7 51. Nd7 e4 52.
Rd5 Ne3 53. Rd4 Rc2+ 0-1

[Event "32. Staufer-Open A-Turnier"]
[Site "Schwäbisch Gmünd"]
[Date "2020.01.04"]
[Round "6.13"]
[White "Trifan, Andrei Ioan"]
[Black "Rosner, Jonas"]
[Result "0-1"]
[WhiteElo "2245"]
[BlackElo "2428"]
[PlyCount "70"]
[EventDate "2020.??.??"]
[WhiteTeam "OSG Baden-Baden"]
[BlackTeam "SK Ettlingen"]

1. e4 c6 2. c4 d5 3. exd5 cxd5 4. cxd5 Nf6 5. Nc3 Nxd5 6. Nf3 Nc6 7. Bb5 g6 8.
Qb3 Be6 9. Nd4 Qd7 10. O-O Nc7 11. Nxe6 Nxe6 12. d4 Nexd4 13. Qa4 Bg7 14. Rd1
O-O 15. Be3 Rfd8 16. Bxd4 Bxd4 17. Ne2 Qf5 18. Nxd4 Nxd4 19. Rxd4 Rxd4 20. Qxd4
Qxb5 21. Rc1 e5 22. Qc3 Rd8 23. h4 Qe2 24. Re1 Rd1 25. Rxd1 Qxd1+ 26. Kh2 Qd4
27. Qc8+ Kg7 28. Qxb7 Qxf2 29. Kh3 h5 30. g3 Qd4 31. Qe7 e4 32. b4 e3 33. a4
Qg4+ 34. Kh2 Qe2+ 35. Kh3 Qf1+ 0-1

[Event "32. Staufer-Open A-Turnier"]
[Site "Schwäbisch Gmünd"]
[Date "2020.01.04"]
[Round "6.14"]
[White "Wachinger, Nikolas"]
[Black "Velicka, Petr"]
[Result "1/2-1/2"]
[WhiteElo "2232"]
[BlackElo "2424"]
[PlyCount "108"]
[EventDate "2020.??.??"]
[WhiteTeam "SV Werder Bremen"]
[BlackTeam "SG Schwäbisch Gmünd"]

1. d4 d5 2. c4 c6 3. Nf3 Nf6 4. Nc3 a6 5. e3 b5 6. b3 Bg4 7. h3 Bxf3 8. Qxf3 e6
9. Bd3 Bb4 10. Bd2 O-O 11. O-O Nbd7 12. Rad1 Qa5 13. Rc1 bxc4 14. bxc4 Bxc3 15.
Bxc3 Qxa2 16. c5 Rfb8 17. Qd1 Qb3 18. Ba5 Qb7 19. Qe2 Ne8 20. Rb1 Qc8 21. Ra1
Nc7 22. Bxc7 Qxc7 23. Bxa6 e5 24. Qd2 Nf8 25. Bd3 g6 26. e4 Rxa1 27. Rxa1 dxe4
28. Bxe4 Ne6 29. dxe5 Qxe5 30. Re1 Qxc5 31. Rc1 Qe5 32. Bxc6 Nd4 33. Re1 Qd6
34. Qd1 Qf6 35. Bf3 Rb2 36. Re4 Rb4 37. Qd3 Nxf3+ 38. gxf3 Qg5+ 39. Kh2 Rb8 40.
Qd7 Rf8 41. Re8 {(=)} Qf4+ 42. Kg2 h5 43. Rxf8+ Kxf8 44. Qd8+ Kg7 45. Qe7 Qf6
46. Qc5 Kh7 47. Qc7 Kh6 48. Qb8 Kg5 49. Qb5+ Qf5 50. Qb8 Qd5 51. Qc7 Kh6 52.
Qb8 Qg5+ 53. Kh2 Kg7 54. Qc7 Qf6 1/2-1/2

[Event "32. Staufer-Open A-Turnier"]
[Site "Schwäbisch Gmünd"]
[Date "2020.01.04"]
[Round "6.15"]
[White "Skembris, Spyridon"]
[Black "Dorst, Johannes"]
[Result "1-0"]
[WhiteElo "2415"]
[BlackElo "2222"]
[PlyCount "107"]
[EventDate "2020.??.??"]
[WhiteTeam "SC Grunbach"]
[BlackTeam "SK Marburg"]

1. Nf3 Nf6 2. c4 g6 3. b3 Bg7 4. Bb2 O-O 5. g3 d6 6. d4 c5 7. Bg2 Bf5 8. O-O
Qc8 9. Nc3 Bh3 10. Qd2 Bxg2 11. Kxg2 cxd4 12. Nxd4 Nc6 13. Nd5 Nxd5 14. cxd5
Nxd4 15. Bxd4 Qf5 16. Bxg7 Kxg7 17. Rac1 Rfc8 18. Qd4+ Qe5 19. Qxe5+ dxe5 20.
Kf3 f6 21. Ke4 Kf7 22. f4 exf4 23. gxf4 Ke8 24. Kd4 Kd7 25. e4 Rxc1 26. Rxc1
Rf8 27. h4 Re8 28. a4 Rf8 29. a5 Rc8 30. Rxc8 Kxc8 31. e5 Kd7 32. Ke4 h6 33. b4
Kd8 34. d6 Kd7 35. dxe7 Kxe7 36. Kd5 a6 37. exf6+ Kxf6 38. Kc5 Kf5 39. Kb6 Kxf4
40. Kxb7 g5 41. hxg5 hxg5 42. b5 g4 43. bxa6 g3 44. a7 g2 45. a8=Q g1=Q 46.
Qf8+ Ke4 47. Qe7+ Kf5 48. Qf7+ Ke5 49. a6 Qg2+ 50. Kb8 Qd2 51. a7 Qb4+ 52. Kc8
Qg4+ 53. Kc7 Qa4 54. Qe7+ 1-0

[Event "32. Staufer-Open A-Turnier"]
[Site "Schwäbisch Gmünd"]
[Date "2020.01.04"]
[Round "6.16"]
[White "Gheng, Josef"]
[Black "Roseneck, Jonas"]
[Result "1/2-1/2"]
[WhiteElo "2201"]
[BlackElo "2413"]
[PlyCount "71"]
[EventDate "2020.??.??"]
[WhiteTeam "SK Wernau"]
[BlackTeam "SG Aufbau Elbe Magdeburg"]

1. c4 Nf6 2. Nc3 d5 3. cxd5 Nxd5 4. e4 Nb4 5. d3 c5 6. Nf3 Bg4 7. Be3 Bxf3 8.
gxf3 e5 9. f4 exf4 10. Bxf4 N8c6 11. a3 Na6 12. Qb3 Qd7 13. h4 Nd4 14. Qd1 Nc7
15. Bh3 Nce6 16. h5 Bd6 17. Be3 h6 18. Bxd4 cxd4 19. Ne2 O-O 20. Qb3 Rac8 21.
Rd1 Kh8 22. f4 Qd8 23. Bxe6 fxe6 24. e5 Qa5+ 25. Rd2 Be7 26. Qxb7 Bxa3 27. bxa3
Rb8 28. Qe7 Rb1+ 29. Nc1 Rxc1+ 30. Ke2 Rxh1 31. Qxf8+ Kh7 32. Qe8 Rg1 33. Qxe6
Rg2+ 34. Kf3 Rxd2 35. Qf5+ Kg8 36. Qc8+ 1/2-1/2

[Event "32. Staufer-Open A-Turnier"]
[Site "Schwäbisch Gmünd"]
[Date "2020.01.04"]
[Round "6.17"]
[White "Hentrich, Johannes"]
[Black "Nguyen, Alex Dac-Vuong"]
[Result "1/2-1/2"]
[WhiteElo "2152"]
[BlackElo "2401"]
[PlyCount "86"]
[EventDate "2020.??.??"]
[BlackTeam "SG Leipzig"]

1. e4 c5 2. Nf3 e6 3. d4 cxd4 4. Nxd4 a6 5. Bd3 Nf6 6. O-O Qc7 7. Qe2 d6 8. f4
Nbd7 9. c4 b6 10. Nc3 Bb7 11. Kh1 Be7 12. Bd2 O-O 13. Rac1 Rfe8 14. b3 Bf8 15.
Nf3 Rad8 16. Bb1 Qb8 17. Rce1 Qa8 18. Bc1 g6 19. Nh4 Bg7 20. Bb2 Nh5 21. Na4
Bxb2 22. Qxb2 Bc6 23. Nc3 b5 24. cxb5 axb5 25. b4 Nb6 26. Bd3 Na4 27. Nxa4 Qxa4
28. Be2 Ng7 29. Bd1 Qa8 30. Bc2 e5 31. f5 Nh5 32. fxg6 fxg6 33. Bb3+ Kh8 34.
Nf3 Rf8 35. Ng5 Rxf1+ 36. Rxf1 Rf8 37. Re1 Qa7 38. Nf3 Nf4 39. Qd2 Rf6 40. Qe3
Qd7 41. g3 Nh3 42. Kg2 Kg7 43. Rc1 Rxf3 1/2-1/2

[Event "32. Staufer-Open A-Turnier"]
[Site "Schwäbisch Gmünd"]
[Date "2020.01.04"]
[Round "6.18"]
[White "Budzyn, Matthias"]
[Black "Wenninger, Philipp"]
[Result "0-1"]
[WhiteElo "2119"]
[BlackElo "2366"]
[PlyCount "100"]
[EventDate "2020.??.??"]
[WhiteTeam "SG Turm Kiel"]
[BlackTeam "TSV Schönaich"]

1. e4 c6 2. d4 d5 3. e5 Bf5 4. Nf3 e6 5. Be2 Ne7 6. O-O c5 7. c4 Nbc6 8. Be3
cxd4 9. Nxd4 Nxd4 10. Bxd4 Nc6 11. cxd5 Qxd5 12. Bf3 Be4 13. Bxe4 Qxe4 14. Bc3
Bc5 15. Nd2 Qd5 16. Qg4 O-O-O 17. Nb3 Bb6 18. Qe2 Qd3 19. Qxd3 Rxd3 20. Rad1
Rd5 21. Rxd5 exd5 22. Rc1 Kd7 23. Kf1 Ke6 24. Re1 Kf5 25. f3 h5 26. e6 fxe6 27.
Bxg7 Rg8 28. Bh6 e5 29. Be3 d4 30. Bf2 Nb4 31. Bg3 Re8 32. Nc1 d3 33. Rd1 e4
34. fxe4+ Kxe4 35. Re1+ Be3 36. Bf2 Nc2 37. Rd1 Bxc1 38. Rxc1 d2 39. Rd1 Kd3
40. g3 Ne3+ 41. Bxe3 Kxe3 42. h3 Rf8+ 43. Kg2 Ke2 44. Rb1 d1=Q 45. Rxd1 Kxd1
46. g4 hxg4 47. hxg4 Rg8 48. Kf3 Kc2 49. b4 Kb2 50. a4 Kb3 0-1

[Event "32. Staufer-Open A-Turnier"]
[Site "Schwäbisch Gmünd"]
[Date "2020.01.04"]
[Round "6.19"]
[White "Das, Soham"]
[Black "Dahl, Christoph"]
[Result "1-0"]
[WhiteElo "2355"]
[BlackElo "2137"]
[PlyCount "68"]
[EventDate "2020.??.??"]
[WhiteTeam "SK Tarrasch München"]
[BlackTeam "SG Grün-Weiß Dresden"]

1. e4 e5 2. Bc4 Nc6 3. d3 Nf6 4. Nf3 Be7 5. O-O O-O 6. Re1 d6 7. a4 h6 8. a5 a6
9. c3 Nh7 10. Qb3 Ng5 11. Nbd2 Rb8 12. h3 Kh8 13. d4 Bf6 14. d5 Ne7 15. Bxa6 c6
16. Bd3 Bd7 17. Nh2 cxd5 18. exd5 Ng6 19. Nc4 Be7 20. Bxg6 fxg6 21. Qb6 Rf5 22.
Qxd8+ Rxd8 23. f4 Nf7 24. Nf3 Bb5 25. Nb6 Bd3 26. c4 Re8 {(=)} 27. g4 Rf6 28.
Ra3 e4 29. Nd4 Rf8 30. Rxd3 exd3 31. Rxe7 Ng5 32. Kg2 Rxf4 33. Bxf4 Rxf4 34.
Nb3 Ne4 {Rest nicht rekonstruierbar} 1-0

[Event "32. Staufer-Open A-Turnier"]
[Site "Schwäbisch Gmünd"]
[Date "2020.01.04"]
[Round "6.20"]
[White "Zwirs, Nico"]
[Black "Papadopoulos, Ioannis"]
[Result "1-0"]
[WhiteElo "2418"]
[BlackElo "2014"]
[PlyCount "117"]
[EventDate "2020.??.??"]
[WhiteTeam "SV Mülheim-Nord"]
[BlackTeam "SV Oberursel"]

1. c4 e5 2. Nc3 Nf6 3. Nf3 Nc6 4. e3 Bb4 5. Qc2 O-O 6. Nd5 Bc5 7. a3 a5 8. Ng5
g6 9. h4 d6 10. Nxf6+ Qxf6 11. b3 Bf5 12. Ne4 Bxe4 13. Qxe4 Qf5 14. Qxf5 gxf5
15. g3 Rfb8 16. Bb2 e4 17. d4 Ba7 18. f3 Ne7 19. g4 exf3 20. gxf5 Nxf5 21. Kf2
Re8 22. Re1 f6 23. Bd3 Nh6 24. Rhg1+ Kf7 25. Bxh7 Rh8 26. Be4 f5 27. Bxf3 c6
28. Rg5 Rag8 29. Reg1 Ng4+ 30. Bxg4 Rxg5 31. hxg5 fxg4 32. Rxg4 Rh2+ 33. Rg2
Rxg2+ 34. Kxg2 Kg6 35. Kf3 Kxg5 36. e4 Bb6 37. d5 Bc7 38. Bc1+ Kg6 39. dxc6
bxc6 40. Bf4 c5 41. Bd2 Kf6 42. Bc3+ Ke6 43. Kg4 Bd8 44. a4 Bc7 45. Kg5 Bd8+
46. Kg6 Bc7 47. Kg7 Bd8 48. Kf8 Bb6 {(=)} 49. Ke8 Bc7 50. Bg7 Bb6 51. Bf8 Bc7
52. Be7 Bb6 53. Bd8 Bxd8 54. Kxd8 Ke5 55. Kd7 Kxe4 56. Kxd6 Kd4 57. Kc6 Kc3 58.
Kxc5 Kxb3 59. Kb5 1-0

[Event "32. Staufer-Open A-Turnier"]
[Site "Schwäbisch Gmünd"]
[Date "2020.01.04"]
[Round "6.21"]
[White "Yi, Danny"]
[Black "Yankelevich, Lev"]
[Result "1-0"]
[WhiteElo "2182"]
[BlackElo "2483"]
[PlyCount "105"]
[EventDate "2020.??.??"]
[WhiteTeam "SF Kornwestheim"]
[BlackTeam "SG Speyer-Schwegenheim"]

1. e4 Nf6 2. e5 Nd5 3. d4 d6 4. c4 Nb6 5. exd6 exd6 6. Nc3 Be7 7. h3 O-O 8. Nf3
Re8 9. Be2 Bf5 10. O-O Bf6 11. Be3 Nc6 12. Re1 d5 13. c5 Nc4 14. Bc1 b6 15.
cxb6 cxb6 16. b3 N4a5 17. Be3 a6 18. Rc1 Be7 19. Qd2 Ba3 20. Rcd1 b5 21. Bg5 f6
22. Bf4 Rc8 23. Bd3 Rxe1+ 24. Rxe1 Qd7 25. Qe2 Bf8 26. Bd2 Rd8 27. Bf4 Bg6 28.
Bxg6 hxg6 29. Qe6+ Qxe6 30. Rxe6 Kf7 31. Re3 Rd7 32. Kf1 Be7 33. Ke2 g5 34. Bh2
Bd8 35. Kd2 Ne7 36. g4 Bb6 37. Ne2 Nac6 38. Kc3 Rd8 39. Rd3 Re8 40. Nfg1 Ng6
41. Bd6 Rc8 42. Kb2 Ke6 43. Bg3 Kd7 44. a3 Re8 45. Rd2 Nf8 46. Nf3 Ne6 47. Nc3
Ne7 48. Ne2 Rh8 49. h4 gxh4 50. Bxh4 Bc7 51. Bg3 Bxg3 52. Nxg3 Rh4 53. Nxh4 1-0

[Event "32. Staufer-Open A-Turnier"]
[Site "Schwäbisch Gmünd"]
[Date "2020.01.04"]
[Round "6.22"]
[White "Baskin, Robert"]
[Black "Sarvadh Sathiaram"]
[Result "1/2-1/2"]
[WhiteElo "2406"]
[BlackElo "2150"]
[PlyCount "105"]
[EventDate "2020.??.??"]
[WhiteTeam "Wiesbadener SV"]

1. e4 e6 2. d4 d5 3. Nc3 Bb4 4. e5 c5 5. a3 Bxc3+ 6. bxc3 Ne7 7. Qg4 Qc7 8.
Qxg7 Rg8 9. Qxh7 cxd4 10. Ne2 Nbc6 11. f4 dxc3 12. h4 Bd7 13. h5 O-O-O 14. Qd3
d4 15. h6 Be8 16. h7 Rh8 17. g4 Ng6 18. Rh6 Ncxe5 19. fxe5 Nxe5 20. Qg3 d3 21.
Bf4 dxe2 22. Bxe5 exf1=Q+ 23. Kxf1 Bb5+ 24. Kg1 Qc5+ 25. Kh2 Bc6 26. Kh3 Be4
27. Bxh8 Rxh8 28. Rf1 Rxh7 29. Rxh7 Bxh7 30. Rxf7 Bxc2 31. Rf3 Bd3 32. Rxd3 c2
33. Qe1 c1=Q 34. Qxe6+ Kb8 35. Rd8+ Qc8 36. Rxc8+ Qxc8 37. Qe5+ Qc7 38. Qh8+
Qc8 39. Qf6 b6 40. Kh4 Qc1 41. Qf8+ Kc7 42. g5 Qh1+ 43. Kg4 Qd1+ 44. Qf3 Qxf3+
45. Kxf3 Kd6 46. Ke4 Ke6 47. g6 b5 48. Kd4 a5 49. Kc5 b4 50. axb4 axb4 51. g7
Kf7 52. g8=Q+ Kxg8 53. Kxb4 1/2-1/2

[Event "32. Staufer-Open A-Turnier"]
[Site "Schwäbisch Gmünd"]
[Date "2020.01.04"]
[Round "6.23"]
[White "Hess, Max"]
[Black "Reimann, Sebastian"]
[Result "1-0"]
[WhiteElo "2388"]
[BlackElo "2146"]
[PlyCount "103"]
[EventDate "2020.??.??"]
[WhiteTeam "SC Garching"]
[BlackTeam "SK Kriegshaber"]

1. e4 c5 2. Nf3 e6 3. d4 cxd4 4. Nxd4 Nc6 5. Nc3 Qc7 6. Be3 a6 7. a3 Nf6 8. f4
d6 9. Qf3 Bd7 10. O-O-O Rc8 11. Bd3 b5 12. Nxc6 Bxc6 13. Rhf1 Qb7 14. g4 d5 15.
exd5 Nxd5 16. Nxd5 Bxd5 17. Qf2 b4 18. axb4 Qxb4 19. Bd4 Qa4 20. Kd2 Bc4 21.
Qe3 Bxd3 22. Qxd3 Bc5 23. Bxc5 Rxc5 24. Ra1 Qc6 25. Kc1 O-O 26. Rd1 Rd5 27. Qe2
Rxd1+ 28. Qxd1 Qb6 29. b3 Rd8 30. Qe2 Qg1+ 31. Kb2 Qd4+ 32. Kb1 Qg1+ 33. Ka2
Qc5 34. Rd1 Rc8 35. Rd2 a5 36. Qe5 Qxe5 37. fxe5 Kf8 38. Ka3 Ke7 39. c4 Rc5 40.
Re2 f5 41. b4 Rxc4 42. bxa5 f4 43. Kb3 Rc8 44. h4 Rb8+ 45. Kc4 Rb1 46. Ra2 f3
47. a6 Rb6 48. Kd3 Rb3+ 49. Kd2 Rb5 50. Ke3 Rb8 51. a7 Ra8 52. Ra6 1-0

[Event "32. Staufer-Open A-Turnier"]
[Site "Schwäbisch Gmünd"]
[Date "2020.01.04"]
[Round "6.24"]
[White "van der Valk, Niklas"]
[Black "Hacker, Jonas"]
[Result "0-1"]
[WhiteElo "2149"]
[BlackElo "2375"]
[PlyCount "116"]
[EventDate "2020.??.??"]
[WhiteTeam "SG Trier"]
[BlackTeam "SC Eppingen"]

1. c4 e6 2. g3 d5 3. Nf3 Nf6 4. Bg2 dxc4 5. Qa4+ Nbd7 6. Qxc4 a6 7. Qc2 c5 8.
Nc3 Ra7 9. d3 Be7 10. e4 O-O 11. h3 Nb8 12. O-O Nc6 13. Rd1 e5 14. Bg5 Be6 15.
Rac1 h6 16. Bxf6 Bxf6 17. Nd5 b6 18. Kh2 Bxd5 19. exd5 Nb4 20. Qc4 Qxd5 21. a3
Qxc4 22. dxc4 Nc6 23. Rd6 Rc8 24. Ng1 Rac7 25. Ne2 Be7 26. Rxc6 Rxc6 27. Bxc6
Rxc6 28. Nc3 Rd6 29. Nd5 Bf6 30. Re1 e4 31. b3 Re6 32. Nc7 Re7 33. Nd5 Re6 34.
Nc7 Re5 35. Nxa6 Rf5 36. Kg2 Bd4 37. Re2 Rf3 38. Nc7 Rxb3 39. Rxe4 Rb2 40. Nb5
Rxf2+ 41. Kh1 Rd2 42. Re8+ Kh7 43. Rb8 Be5 44. Rxb6 Bxg3 45. Rc6 Rh2+ 46. Kg1
Rc2 47. a4 f5 48. Na3 Ra2 49. Nb1 Bf2+ 50. Kg2 Bd4+ 51. Kf1 f4 52. a5 f3 53.
Rb6 Rc2 54. Re6 f2 55. Kg2 Rc1 56. Nd2 Rg1+ 57. Kf3 Rd1 58. Kg2 Rxd2 0-1

[Event "32. Staufer-Open A-Turnier"]
[Site "Schwäbisch Gmünd"]
[Date "2020.01.04"]
[Round "6.25"]
[White "Zeller, Frank"]
[Black "Höthe, Christian"]
[Result "1/2-1/2"]
[WhiteElo "2366"]
[BlackElo "2144"]
[PlyCount "102"]
[EventDate "2020.??.??"]
[WhiteTeam "BCA Augsburg"]
[BlackTeam "SV Gifhorn"]

1. Nf3 c5 2. e4 a6 3. c3 d5 4. exd5 Qxd5 5. d4 Nf6 6. Be3 cxd4 7. cxd4 e6 8.
Nc3 Qd6 9. Bd3 Nbd7 10. O-O Be7 11. Qd2 Nb6 12. Bf4 Qd8 13. Rad1 O-O 14. Bb1
Bd7 15. Ne5 Nbd5 16. Bg5 Bb5 17. Rfe1 Rc8 18. Nxb5 axb5 19. Qd3 b4 20. g4 g6
21. Bh6 Re8 22. h4 Nd7 23. Nxf7 Kxf7 24. h5 Rg8 25. Qf3+ N7f6 26. hxg6+ hxg6
27. g5 Qd6 28. Re5 Rh8 29. gxf6 Bxf6 30. Bg5 b6 31. Rde1 Rce8 32. Be4 Kg7 33.
Bxd5 Bxg5 34. Qg2 Bf6 35. Rxe6 Rxe6 36. Rxe6 Qf4 37. Be4 Qc1+ 38. Qf1 Qxb2 39.
Rxb6 Rh4 40. Rxf6 Rg4+ 41. Kh2 Kxf6 42. Qa6+ Kg7 43. Kh3 Rg1 44. Qb7+ Kh6 45.
Qf7 Qxd4 46. Qf4+ Kg7 47. Kh2 Rd1 48. Qc7+ Qd7 49. Qe5+ Kf7 50. Qf4+ Kg8 51.
Bxg6 Qd6 1/2-1/2

[Event "32. Staufer-Open A-Turnier"]
[Site "Schwäbisch Gmünd"]
[Date "2020.01.04"]
[Round "6.31"]
[White "Jansen, Dirk Norbert"]
[Black "Siddharth, Jagadeesh"]
[Result "1/2-1/2"]
[WhiteElo "2122"]
[BlackElo "2301"]
[PlyCount "53"]
[EventDate "2020.??.??"]
[WhiteTeam "SVG Plettenberg"]

1. c4 c5 2. g3 Nc6 3. Bg2 g6 4. Nc3 Bg7 5. a3 e6 6. Rb1 a5 7. e3 Nge7 8. Nge2
O-O 9. O-O d5 10. cxd5 exd5 11. d4 cxd4 12. Nxd4 Nxd4 13. exd4 Bf5 14. Ra1 Qb6
15. Bg5 Nc6 16. Nxd5 Qxb2 17. Be7 Rfc8 18. Bc5 Rd8 19. Qc1 Qb3 20. Qe3 Bd3 21.
Rfb1 Qxb1+ 22. Rxb1 Bxb1 23. Qb3 Bf5 24. Qxb7 Nxd4 25. Ne7+ Kh8 26. Bxd4 Bxd4
27. Nxf5 1/2-1/2

[Event "32. Staufer-Open A-Turnier"]
[Site "Schwäbisch Gmünd"]
[Date "2020.01.04"]
[Round "6.33"]
[White "Döhler, Tobias"]
[Black "Welling, Gerard"]
[Result "1/2-1/2"]
[WhiteElo "2050"]
[BlackElo "2289"]
[PlyCount "48"]
[EventDate "2020.??.??"]
[WhiteTeam "SV Calw"]

1. d4 g6 2. g3 Bg7 3. Bg2 c5 4. c3 Qc7 5. Nf3 Nf6 6. O-O O-O 7. Re1 d6 8. a4
Nc6 9. d5 Na5 10. Na3 Bd7 11. h3 a6 12. e4 e6 13. Bf1 exd5 14. exd5 c4 15. Ra2
b5 16. axb5 axb5 17. Nd4 Qb6 18. Nac2 Nb7 19. Rxa8 Rxa8 20. Bg2 Nc5 21. Nb4 Ra1
22. Ndc2 Ra8 23. Nd4 Ra1 24. Ndc2 Ra8 1/2-1/2

[Event "32. Staufer-Open A-Turnier"]
[Site "Schwäbisch Gmünd"]
[Date "2020.01.04"]
[Round "6.34"]
[White "Cvitan, Ena"]
[Black "Jakob, Georg"]
[Result "1-0"]
[WhiteElo "2289"]
[BlackElo "2078"]
[PlyCount "69"]
[EventDate "2020.??.??"]
[BlackTeam "SG KK Hohentübingen"]

1. d4 Nf6 2. c4 e6 3. Nc3 Bb4 4. e3 b6 5. Nge2 c5 6. a3 Ba5 7. Rb1 Na6 8. g3
Bb7 9. d5 b5 10. Bg2 bxc4 11. O-O O-O 12. e4 d6 13. Bg5 Nc7 14. f4 h6 15. Bh4
exd5 16. e5 g5 17. fxg5 Nh7 18. gxh6 Qd7 19. exd6 Qxd6 20. Nf4 Qxh6 21. Ncxd5
Kh8 22. Qa4 Nxd5 23. Qxa5 Nxf4 24. Qc3+ Qg7 25. Qxg7+ Kxg7 26. Rxf4 Bxg2 27.
Rg4+ Kh8 28. Kxg2 Rfe8 29. Rxc4 Re2+ 30. Kh3 Rae8 31. Rxc5 Rd2 32. Rf1 Ree2 33.
Rxf7 Rxh2+ 34. Kg4 Kg8 35. Rxa7 1-0

[Event "32. Staufer-Open A-Turnier"]
[Site "Schwäbisch Gmünd"]
[Date "2020.01.04"]
[Round "6.35"]
[White "Zwahr, Paul"]
[Black "Braun, Michael"]
[Result "1-0"]
[WhiteElo "2284"]
[BlackElo "2066"]
[PlyCount "51"]
[EventDate "2020.??.??"]
[WhiteTeam "SG Grün-Weiß Dresden"]
[BlackTeam "SG Büchenbach/Roth"]

1. e4 c5 2. Nf3 d6 3. d4 cxd4 4. Nxd4 Nf6 5. Nc3 a6 6. Be3 e5 7. Nb3 Be6 8. f3
Be7 9. Qd2 O-O 10. O-O-O a5 11. a4 Nc6 12. g4 Nb4 13. Kb1 Qb8 14. g5 Ne8 15. f4
exf4 16. Bxf4 Nc6 17. h4 Ne5 18. Nd4 Nc7 19. Nf5 Bxf5 20. exf5 Re8 21. h5 Bf8
22. g6 h6 23. f6 fxg6 24. fxg7 Bxg7 25. Bxh6 Re7 26. hxg6 1-0

[Event "32. Staufer-Open A-Turnier"]
[Site "Schwäbisch Gmünd"]
[Date "2020.01.04"]
[Round "6.36"]
[White "Costa, Leonardo"]
[Black "Browning, Alex"]
[Result "1-0"]
[WhiteElo "2048"]
[BlackElo "2280"]
[PlyCount "49"]
[EventDate "2020.??.??"]
[WhiteTeam "SK München Südost"]
[BlackTeam "SVG Plettenberg"]

1. e4 c5 2. Nf3 d6 3. d4 cxd4 4. Nxd4 Nf6 5. Nc3 a6 6. Bd3 g6 7. f3 Bg7 8. Be3
O-O 9. Qd2 Nc6 10. O-O-O Nxd4 11. Bxd4 Be6 12. Kb1 Qc7 13. Be2 b5 14. h4 Rfc8
15. h5 b4 16. Nd5 Nxd5 17. exd5 Bf5 18. Rc1 Bxd4 19. Qxd4 Bxc2+ 20. Ka1 Qc5 21.
Qd2 b3 22. axb3 a5 23. Bd1 Qb4 24. Rxc2 Rxc2 25. Qxc2 1-0

[Event "32. Staufer-Open A-Turnier"]
[Site "Schwäbisch Gmünd"]
[Date "2020.01.04"]
[Round "6.39"]
[White "Biastoch, Bennet"]
[Black "Taras, Marian"]
[Result "1-0"]
[WhiteElo "2261"]
[BlackElo "2040"]
[PlyCount "55"]
[EventDate "2020.??.??"]
[WhiteTeam "SG Aufbau Elbe Magdeburg"]
[BlackTeam "SK Wernau"]

1. e4 g6 2. d4 Bg7 3. Nc3 d6 4. f4 e6 5. Nf3 Ne7 6. Bd3 O-O 7. O-O b6 8. Be3
Nd7 9. Qe1 Bb7 10. f5 exf5 11. exf5 Nf6 12. fxg6 fxg6 13. Qh4 Qd7 14. Rae1 Nf5
15. Bxf5 Qxf5 16. Bh6 Bxh6 17. Qxh6 Ng4 18. Qh4 Ba6 19. h3 Bxf1 20. hxg4 Qxc2
21. Rxf1 Rf7 22. Kh2 h6 23. g5 Raf8 24. Nd5 Rxf3 25. Ne7+ Kf7 26. Rxf3+ Kxe7
27. gxh6+ Ke8 28. Qe1+ 1-0

[Event "32. Staufer-Open A-Turnier"]
[Site "Schwäbisch Gmünd"]
[Date "2020.01.04"]
[Round "6.42"]
[White "Högy, Kevin"]
[Black "Beckers, Manfred"]
[Result "1-0"]
[WhiteElo "2244"]
[BlackElo "1985"]
[PlyCount "59"]
[EventDate "2020.??.??"]
[WhiteTeam "MTV Tostedt"]
[BlackTeam "SC Plüderhausen"]

1. Nf3 Nf6 2. d4 g6 3. Bf4 c5 4. c3 Qb6 5. Qb3 Qxb3 6. axb3 cxd4 7. Nxd4 Nd5 8.
Bg3 d6 9. e4 Nc7 10. Na3 Bg7 11. Nab5 Nba6 12. f3 Kd7 13. b4 b6 14. Bc4 Bb7 15.
O-O Rhc8 16. Rfd1 Ke8 17. Bxd6 Kf8 18. Bg3 Nxb5 19. Bxb5 e5 20. Bxe5 Bxe5 21.
Bxa6 Bxa6 22. Rxa6 Rd8 23. Raa1 Ke8 24. Nc6 Rxd1+ 25. Rxd1 Bf4 26. Ra1 b5 27.
Ra6 Rc8 28. Kf2 Bc1 29. Nxa7 Ra8 30. Nxb5 1-0

[Event "32. Staufer-Open A-Turnier"]
[Site "Schwäbisch Gmünd"]
[Date "2020.01.05"]
[Round "7.1"]
[White "Schitco, Ivan"]
[Black "Schröder, Jan-Christian"]
[Result "1/2-1/2"]
[WhiteElo "2467"]
[BlackElo "2553"]
[PlyCount "28"]
[EventDate "2020.??.??"]
[WhiteTeam "Stuttgarter SF"]
[BlackTeam "SF 1903 Berlin"]

1. e4 c5 2. Nf3 Nc6 3. Bb5 g6 4. O-O Bg7 5. Nc3 e5 6. a3 Nge7 7. b4 b6 8. bxc5
bxc5 9. d3 h6 10. Be3 Nd4 11. Bc4 d6 12. Nd5 Be6 13. Bxd4 cxd4 14. Bb5+ Kf8
1/2-1/2